NLSUI OPAC header image

The idiot (Record no. 41478)

MARC details
000 -LEADER
fixed length control field 01244nam a2200217Ia 4500
003 - CONTROL NUMBER IDENTIFIER
control field OSt
005 - DATE AND TIME OF LATEST TRANSACTION
control field 20250819185947.0
008 - FIXED-LENGTH DATA ELEMENTS--GENERAL INFORMATION
fixed length control field 160316s2005 xxu||||| |||| 00| 0 eng d
020 ## - INTERNATIONAL STANDARD BOOK NUMBER
International Standard Book Number 9780553213522
040 ## - CATALOGING SOURCE
Transcribing agency nls
082 ## - DEWEY DECIMAL CLASSIFICATION NUMBER
Classification number 891.733 DOS
100 ## - MAIN ENTRY--PERSONAL NAME
Personal name Dostoevsky Fyodor
245 ## - TITLE STATEMENT
Title The idiot
260 ## - PUBLICATION, DISTRIBUTION, ETC.
Place of publication, distribution, etc. London
Name of publisher, distributor, etc. Bentham Classic
Date of publication, distribution, etc. 2005
300 ## - PHYSICAL DESCRIPTION
Extent 696p
365 ## - TRADE PRICE
Price amount Rs. 299
505 ## - FORMATTED CONTENTS NOTE
Formatted contents note Description : <br/>Returning to Russia from a sanitarium in Switzerland, the Christ-like epileptic Prince Myshkin finds himself enmeshed in a tangle of love, torn between two women—the notorious kept woman Nastasya and the pure Aglaia—both involved, in turn, with the corrupt, money-hungry Ganya. In the end, Myshkin’s honesty, goodness, and integrity are shown to be unequal to the moral emptiness of those around him. In her revision of the Garnett translation, Anna Brailovsky has corrected inaccuracies wrought by Garnett’s drastic anglicization of the novel, restoring as much as possible the syntactical structure of the original story.
650 ## - SUBJECT ADDED ENTRY--TOPICAL TERM
Topical term or geographic name entry element 1. Princes - Social Conditions - Russia 2. Russia - Federation - Good & Evil 3. Triangles - Interpersonal Relations - Manners & Customs
700 ## - ADDED ENTRY--PERSONAL NAME
Personal name
--
942 ## - ADDED ENTRY ELEMENTS (KOHA)
Source of classification or shelving scheme Dewey Decimal Classification
Koha item type BOOKs
Holdings
Withdrawn status Lost status Damaged status Not for loan Home library Current library Shelving location Date acquired Cost, normal purchase price Total Checkouts Total Renewals Full call number Barcode Checked out Date last seen Date last checked out Price effective from Koha item type
        NLS NLS General Stacks 30/05/2017 299.00 6 8 891.733 DOS 34863 12/06/2026 06/05/2026 06/05/2026 30/05/2017 BOOKs